000 00503nam a2200205Ia 4500
005 20240823013407.0
008 240823s9999||||xx |||||||||||||| ||und||
020 _a81-259-1471-4
041 _aENGLISH
082 _A519 P3
100 _aSankarappan S
245 0 _aEngineering mathematics : III Sem
250 _a1st
260 _c2003
_b"Vikas Pub.,New "
_aNew Delhi
500 _aTRANSFERED
650 _aMathematics
_bMathematics
700 _a Arulmozhi G
942 _cBK
999 _c167114
_d167114